000 00269nam a22001217a 4500
003 SGT
082 _a150
_bP14M
100 _aMERCER, JENNY
245 _aPSYCHOLOGY EXPRESS: SOCIAL PSYCHOLOGY
260 _aINDIA
_bPERSON
_c2014
300 _a222
942 _2ddc
_cBK
_020
999 _c15076
_d15076